Diccionario de jurisprudencia hipotecaria de España / (Record no. 110449)

MARC details
000 -LEADER
campo de control de longitud fija 00479nam a2200157 4500
001 - NÚMERO DE CONTROL
campo de control 110449
003 - IDENTIFICADOR DE NÚMERO DE CONTROL
campo de control ES-MaACL
007 - CAMPO FIJO DE DESCRIPCIÓN FÍSICA--INFORMACIÓN GENERAL
campo de control de longitud fija t|
008 - DATOS DE LONGITUD FIJA--INFORMACIÓN GENERAL
campo de control de longitud fija 061121m19011905sp r ||||1| spa d
100 1# - ENTRADA PRINCIPAL--NOMBRE DE PERSONA
Nombre de persona Odriozola y Grimaud, Carlos.
9 (RLIN) 86539
245 10 - MENCIÓN DEL TÍTULO
Título Diccionario de jurisprudencia hipotecaria de España /
Mención de responsabilidad, etc. formado por Carlos Odriozola y Grimaud.
250 ## - MENCION DE EDICION
Mención de edición 4ª. ed.
260 ## - PUBLICACIÓN, DISTRIBUCIÓN, ETC.
Lugar de publicación, distribución, etc. Madrid :
Nombre del editor, distribuidor, etc. Ricardo Rojas,
Fecha de publicación, distribución, etc. 1901-1905.
300 ## - DESCRIPCIÓN FÍSICA
Extensión 3v. ;
Dimensiones 23 cm.
852 ## - LOCALIZACIÓN
Ubicación ES-MaACL
Número de control de estantería B-5457-5459
Holdings
Estatus retirado Estado de pérdida Estado de daño No para préstamo Colección Biblioteca de origen Biblioteca actual Ubicación en estantería Fecha de adquisición Fuente de adquisición Total de préstamos Signatura topográfica completa Código de barras Visto por última vez Precio de reemplazo Tipo de ítem Koha
        Colección de referencia Biblioteca del Ateneo de Madrid Biblioteca del Ateneo de Madrid Sala Pardo Bazán 17/01/2008     B-5457-5459 1115235 23/02/2023 23/02/2023 Libro impreso antiguo